000 00346nam a22001457a 4500
082 _aT 781.3
_bRAM/A
100 _aRemesh K
245 _aAgastiyar Sangeetha varna mala/
_cby Remesh K
260 _aTrichy:
_bAgasthiya Pathippakam,
_c2003.
300 _a168p.
650 _aCompositions Music
650 _aMusic
650 _aArts
942 _cBK
999 _c64295
_d64295